[Event "Niederkassel- Bonn Beuel"]
[Site "?"]
[Date "2022.10.02"]
[Round "2.3"]
[White "Gikas, Andreas Basilius"]
[Black "Schracke, Guido"]
[Result "1-0"]
[WhiteElo "2133"]
[BlackElo "2149"]
[PlyCount "135"]
[SourceVersionDate "2023.06.22"]

1. e4 c5 2. Nf3 Nc6 3. d4 cxd4 4. Nxd4 e5 5. Nb5 a6 6. Nd6+ Bxd6 7. Qxd6 Qf6 8.
Qc7 Nge7 9. Nc3 Nb4 10. Bd3 d5 11. Qc5 Nxd3+ 12. cxd3 Qc6 13. Qa3 Be6 14. Bd2
dxe4 15. Nxe4 Rd8 16. O-O Nf5 17. Rac1 Qb5 18. g4 Qxd3 19. Qxd3 Rxd3 20. gxf5
Bxf5 21. Ng3 Bh3 22. Rfd1 Bg4 23. f3 Rxf3 24. Re1 O-O 25. Rxe5 Rd3 26. Bc3 Be6
27. a3 Rfd8 28. Rce1 h6 29. Nh5 g5 30. R5e3 Rxe3 31. Rxe3 Rd1+ 32. Kg2 Kh7 33.
Re1 Rd3 34. Ng3 Kg6 35. Re2 h5 36. Rd2 Rxd2+ 37. Bxd2 h4 38. Ne2 Bd5+ 39. Kf2
f5 40. Bb4 f4 41. Be7 Kh5 42. h3 f3 43. Nd4 g4 44. hxg4+ Kxg4 45. Bd6 Be4 46.
Bc7 Bd5 47. a4 Be4 48. a5 Bd5 49. Nc2 Be4 50. Ne3+ Kh3 51. Bd8 Bc6 52. Nc4 Bd5
53. Ne5 Be4 54. Nxf3 Kg4 55. Nxh4 Bd5 56. Ng2 Bc6 57. Bc7 Kf5 58. Ne3+ Ke4 59.
Ke2 Ba4 60. Kd2 Bb5 61. Bb6 Bc6 62. Kc3 Bb5 63. Kb4 Ke5 64. Kc5 Ke6 65. Bc7 Kd7
66. Bf4 Bc6 67. Kb6 Bh1 68. Nc4 1-0

[Event "Niederkassel- Bonn Beuel"]
[Site "?"]
[Date "2022.10.02"]
[Round "2.5"]
[White "Gaul, Alexander"]
[Black "Konzen, Horst"]
[Result "1/2-1/2"]
[WhiteElo "1949"]
[BlackElo "2004"]
[PlyCount "99"]
[SourceVersionDate "2023.06.22"]

1. d4 Nf6 2. c4 e5 3. dxe5 Ng4 4. Nf3 Bc5 5. e3 Nc6 6. a3 a5 7. b3 Ngxe5 8. Bb2
Qe7 9. Be2 O-O 10. Nc3 d6 11. Nd5 Qd8 12. Qc2 Nxf3+ 13. gxf3 Ne7 14. Rg1 Ng6
15. Qc3 f6 16. b4 axb4 17. axb4 Rxa1+ 18. Bxa1 c6 19. bxc5 cxd5 20. cxd5 Qc7
21. cxd6 Qxd6 22. f4 Bd7 23. Qb3 Ra8 24. Bb2 b5 25. Bd3 Be8 26. Ke2 b4 27. Rc1
Bf7 28. Bc4 Re8 29. Kf1 Qd7 30. d6 Bxc4+ 31. Rxc4 Kh8 32. Qxb4 Qh3+ 33. Ke1 Nh4
34. Qb5 Nf3+ 35. Ke2 Ng1+ 36. Kd2 Rd8 37. Qb6 Rg8 38. e4 Qf1 39. Qc5 Qe2+ 40.
Kc1 Qe1+ 41. Kc2 Qe2+ 42. Kb1 Nf3 43. Rc2 Nd2+ 44. Ka2 Qd1 45. Rxd2 Ra8+ 46.
Ba3 Qxd2+ 47. Ka1 Qd1+ 48. Ka2 Qd2+ 49. Ka1 Qd1+ 50. Ka2 1/2-1/2

[Event "Niederkassel- Bonn Beuel"]
[Site "?"]
[Date "2022.10.02"]
[Round "2.6"]
[White "Kuhn, Andreas"]
[Black "Koch, Matthias"]
[Result "1/2-1/2"]
[WhiteElo "1881"]
[BlackElo "1897"]
[PlyCount "78"]
[SourceVersionDate "2023.06.22"]

1. d4 Nf6 2. c4 g6 3. g3 Bg7 4. Bg2 d6 5. Nf3 O-O 6. Nc3 Nbd7 7. O-O e5 8. e4
a6 9. h3 b5 10. Qc2 bxc4 11. dxe5 dxe5 12. Bg5 h6 13. Bxf6 Bxf6 14. Nd5 Nb6 15.
Nd2 Be6 16. Rfd1 Nxd5 17. exd5 Bxd5 18. Nxc4 c6 19. Ne3 Rc8 20. Qe2 Qb6 21.
Bxd5 cxd5 22. Nxd5 Qe6 23. Nxf6+ Qxf6 24. a3 Rc6 25. Rac1 Rfc8 26. Rxc6 Rxc6
27. Qe4 h5 28. Rd5 Re6 29. Rc5 Qf5 30. Qxf5 gxf5 31. Kg2 Kg7 32. h4 f6 33. Rc7+
Kg6 34. Rb7 e4 35. b4 Rc6 36. b5 axb5 37. Rxb5 Rc2 38. Rb3 Ra2 39. Re3 Kh6
1/2-1/2

[Event "Niederkassel- Bonn Beuel"]
[Site "?"]
[Date "2022.10.02"]
[Round "2.7"]
[White "Goergen, Christian"]
[Black "Neu, Martin"]
[Result "0-1"]
[WhiteElo "1801"]
[BlackElo "1643"]
[Annotator "daniel"]
[PlyCount "104"]
[SourceVersionDate "2023.06.22"]

1. c4 c6 2. Nf3 d5 3. b3 dxc4 4. bxc4 Nf6 5. Nc3 Nbd7 6. g3 e5 7. Qc2 Bd6 8.
Bg2 O-O 9. O-O Re8 10. a4 Nc5 11. Ng5 h6 12. Nge4 Bf5 13. Nxf6+ Qxf6 14. Qa2
$11 a5 15. Ba3 Rad8 16. Bxc5 Bxc5 17. Ne4 Bxe4 18. Bxe4 Rd4 19. d3 Red8 20. Kg2
Qe6 21. Kh1 f5 22. Bg2 e4 23. dxe4 fxe4 24. e3 Rd2 25. Qb3 b6 26. Rad1 R8d3 27.
Qb1 Rxd1 28. Rxd1 Qxc4 29. Rxd3 exd3 30. Bf1 Qd5+ 31. Bg2 Qd6 32. Qb3+ Kh8 33.
Bf3 d2 34. Kg2 Bb4 35. Bd1 b5 36. Qf7 Qe7 37. Qg6 Qd7 38. axb5 cxb5 39. Qe4 Bc3
40. Qa8+ Kh7 41. Bc2+ g6 42. Qe4 Qf7 43. Qd3 b4 44. h4 b3 45. Bb1 Qf5 46. e4
Qf6 47. e5 Qf5 48. Qxc3 Qxf2+ 49. Kh3 d1=Q 50. Qc7+ Kg8 51. Bxg6 Qff1+ 52. Kh2
Qh1# 0-1

[Event "Solingen 4- Godesberg 2l"]
[Site "?"]
[Date "2022.10.02"]
[Round "2.1"]
[White "Mantau, Jan"]
[Black "Bashylina, Luisa"]
[Result "0-1"]
[WhiteElo "2184"]
[BlackElo "2073"]
[PlyCount "148"]
[SourceVersionDate "2023.06.22"]

1. e4 c5 2. Nf3 d6 3. d4 cxd4 4. Nxd4 Nf6 5. Nc3 a6 6. Bg5 Nbd7 7. f4 Qa5 8.
Nb3 Qc7 9. Be2 e6 10. Bf3 Be7 11. O-O h6 12. Bh4 O-O 13. Qe2 e5 14. fxe5 dxe5
15. Bg3 b5 16. Nd5 Nxd5 17. exd5 Bd6 18. Be4 g6 19. c3 f5 20. Bc2 Bb7 21. Rad1
Rae8 22. Rd2 Nf6 23. Bh4 Nxd5 24. Rfd1 Nf4 25. Qe3 Be7 26. Rd7 Qc6 27. Be4 Qxe4
28. Qxe4 Bxe4 29. Rxe7 Nxg2 30. Rdd7 Rxe7 31. Bxe7 Re8 32. Bf6 Re6 33. Be7 Nf4
34. Nc5 Rc6 35. Bd6 Rc8 36. Nxe4 fxe4 37. Bxe5 Nd3 38. Bd4 Rc6 39. Re7 Nxb2 40.
Rxe4 Nd1 41. Rg4 Kf7 42. Rg3 Nb2 43. Kf1 Re6 44. Kf2 Nc4 45. Rg4 Nd6 46. Rf4+
Nf5 47. Ba7 Rc6 48. Rf3 Ke6 49. Bb8 Rc4 50. Rd3 h5 51. h3 Ra4 52. Rd2 Ra3 53.
Re2+ Kd5 54. Be5 Ra4 55. Bb8 Re4 56. Rd2+ Kc4 57. Rd8 Kxc3 58. Rc8+ Rc4 59.
Be5+ Kd3 60. Rg8 Rc6 61. Kf3 Nh4+ 62. Kg3 Rc4 63. Bf6 Nf5+ 64. Kf3 Rc1 65. Rd8+
Kc2 66. Rc8+ Kb1 67. Rxc1+ Kxc1 68. Kf4 Kb1 69. Kg5 Kxa2 70. Kxg6 Ng3 71. Be5
h4 72. Kg5 Ne4+ 73. Kxh4 Nf2 74. Kg3 Nxh3 0-1

[Event "Solingen 4- Godesberg 2l"]
[Site "?"]
[Date "2022.10.02"]
[Round "2.2"]
[White "Blasek, Ralph"]
[Black "Wecker, Martin"]
[Result "1-0"]
[WhiteElo "2214"]
[BlackElo "2164"]
[PlyCount "21"]
[SourceVersionDate "2023.06.22"]

1. e4 c5 2. c3 Nf6 3. Bd3 Nc6 4. Nf3 d5 5. e5 c4 6. Bc2 Nd7 7. e6 fxe6 8. d4
cxd3 9. Qxd3 g6 10. Qxg6+ hxg6 11. Bxg6# 1-0

[Event "Solingen 4- Godesberg 2l"]
[Site "?"]
[Date "2022.10.02"]
[Round "2.3"]
[White "Mittmann, Johannes"]
[Black "Fichtner, Ewald"]
[Result "1-0"]
[WhiteElo "2094"]
[BlackElo "2033"]
[PlyCount "153"]
[SourceVersionDate "2023.06.22"]

1. e4 c6 2. d4 d5 3. exd5 cxd5 4. c4 Nf6 5. Nc3 Nc6 6. Nf3 Bg4 7. Be2 e6 8. c5
Be7 9. O-O O-O 10. Bg5 Ne4 11. Bxe7 Qxe7 12. Rc1 f5 13. Nd2 Bxe2 14. Nxe2 Qf6
15. f3 Ng5 16. Nb3 f4 17. Qd2 h6 18. Rfe1 Rad8 19. Nc3 a6 20. Nd1 h5 21. Nf2
Rfe8 22. Re2 e5 23. dxe5 Nxe5 24. Nd4 Nc4 25. Qd3 Rxe2 26. Nxe2 Nxb2 27. Qd4
Ne6 28. Qxf6 gxf6 29. Rb1 Na4 30. Nd3 Naxc5 31. Nxc5 Nxc5 32. Nxf4 h4 33. Kf1
Kf7 34. Rc1 b6 35. Rb1 Rd6 36. Ke2 f5 37. Kd2 Kf6 38. Rxb6 Rxb6 39. Nxd5+ Ke5
40. Nxb6 Kd4 41. Nc8 Ne6 42. Ne7 Ng7 43. Ng6 h3 44. gxh3 Nh5 45. Ne7 f4 46.
Nc6+ Kc4 47. Ne5+ Kd4 48. Nd3 Kc4 49. h4 a5 50. Ne1 Kd4 51. Ng2 Kc4 52. Kc2 a4
53. Ne1 Kd4 54. Kd2 Nf6 55. Nd3 Nh5 56. Nb2 a3 57. Nd1 Ng7 58. Nc3 Nf5 59. h5
Nh4 60. Ne2+ Kc4 61. Nxf4 Nxf3+ 62. Kc1 Ng5 63. h6 Nh7 64. h4 Nf8 65. h5 Nh7
66. Kc2 Nf6 67. Ne6 Nh7 68. Kd2 Kb4 69. Kd3 Kb5 70. Kd4 Kb4 71. Nf4 Ng5 72.
Nd5+ Kb5 73. Nf6 Nf7 74. h7 Kc6 75. Nd5 Nh8 76. Ne7+ Kd6 77. Ng6 1-0

[Event "Solingen 4- Godesberg 2l"]
[Site "?"]
[Date "2022.10.02"]
[Round "2.4"]
[White "Rittmann, Dirk"]
[Black "Stenzel, Thomas"]
[Result "0-1"]
[WhiteElo "2122"]
[BlackElo "2160"]
[PlyCount "30"]
[SourceVersionDate "2023.06.22"]

1. e4 e6 2. d4 d5 3. Nc3 Nc6 4. Nf3 Nf6 5. e5 Ne4 6. Bd3 Bb4 7. Bd2 Nxd2 8.
Qxd2 f6 9. exf6 Qxf6 10. O-O O-O 11. a3 Bd6 12. Rfe1 Bd7 13. Ne2 e5 14. dxe5
Nxe5 15. Ned4 c5 0-1

[Event "Solingen 4- Godesberg 2l"]
[Site "?"]
[Date "2022.10.02"]
[Round "2.5"]
[White "Koegler, Christof"]
[Black "Muedder, Melanie"]
[Result "1/2-1/2"]
[WhiteElo "1956"]
[BlackElo "1913"]
[PlyCount "148"]
[SourceVersionDate "2023.06.22"]

1. d4 Nf6 2. Nf3 g6 3. Nc3 d5 4. Bf4 Bg7 5. e3 O-O 6. Be2 c5 7. Ne5 cxd4 8.
exd4 Nfd7 9. Qd2 Nxe5 10. Bxe5 Bxe5 11. dxe5 d4 12. Ne4 Qd5 13. Ng5 Nc6 14. f4
Bf5 15. O-O Qc5 16. Bd3 h6 17. Ne4 Qb6 18. Kh1 Nb4 19. Ng3 Bxd3 20. cxd3 Nd5
21. Rf3 Rac8 22. Rc1 Qb4 23. Rc2 Rxc2 24. Qxc2 Ne3 25. Qc1 Qb5 26. Nf1 Nxf1 27.
Rxf1 Qxd3 28. Rd1 Qe4 29. h3 d3 30. Qc3 Rd8 31. Qc7 Qd5 32. Qxe7 d2 33. e6 fxe6
34. Qf6 Rd6 35. Qxg6+ Kf8 36. Qxh6+ Ke8 37. Qh8+ Kd7 38. Qg7+ Kd8 39. Qf6+ Kc7
40. Qg7+ Kb6 41. Qc3 Qe4 42. Qe5 Qd3 43. Kh2 a6 44. b4 Ka7 45. a4 Rd4 46. b5
Rd5 47. Qxe6 axb5 48. axb5 Qd4 49. Kg3 Qc3+ 50. Kf2 Rd3 51. Ke2 Rg3 52. Qe4 Qg7
53. Kf2 Qc3 54. f5 Rd3 55. Ke2 Rd4 56. Qe3 Qc4+ 57. Kf3 Kb8 58. Rxd2 Qd5+ 59.
Ke2 Qxb5+ 60. Kf2 Qxf5+ 61. Kg1 Rxd2 62. Qxd2 Qc5+ 63. Qf2 Qc1+ 64. Kh2 Kc8 65.
Qf5+ Kd8 66. h4 Qc4 67. h5 Qh4+ 68. Kg1 Qe1+ 69. Qf1 Qe3+ 70. Qf2 Qc1+ 71. Kh2
Qg5 72. Qf8+ Kd7 73. h6 Qh4+ 74. Kg1 Qe1+ 1/2-1/2

[Event "Solingen 4- Godesberg 2l"]
[Site "?"]
[Date "2022.10.02"]
[Round "2.6"]
[White "Waagener, Ulrich"]
[Black "Biedekoepper, Robert"]
[Result "1/2-1/2"]
[WhiteElo "2109"]
[BlackElo "1977"]
[PlyCount "118"]
[SourceVersionDate "2023.06.22"]

1. e4 c5 2. Nf3 Nc6 3. Nc3 e6 4. d4 cxd4 5. Nxd4 a6 6. Bf4 d6 7. Bg3 Nf6 8. Be2
Qc7 9. O-O Be7 10. Qd2 O-O 11. Rad1 Nxd4 12. Qxd4 e5 13. Qd3 b5 14. Bh4 Be6 15.
Bxf6 gxf6 16. a3 Rac8 17. Qf3 Kh8 18. Qh5 Rg8 19. Nd5 Bxd5 20. exd5 Rg5 21.
Qxf7 Rf8 22. Qe6 f5 23. Qh6 Rfg8 24. g3 R8g6 25. Qh3 Bf8 26. c4 Rh6 27. Qg2
bxc4 28. Rc1 Qb6 29. Rxc4 Qxb2 30. Qf3 Rf6 31. Rfc1 Rg8 32. Bf1 Bh6 33. R1c2
Qa1 34. Qc3 Qd1 35. Qd3 Qe1 36. Rc6 a5 37. Rc8 Rff8 38. Rxf8 Rxf8 39. Qa6 Rf6
40. Qc8+ Bf8 41. Qd8 Rf7 42. Rc7 Kg8 43. Qg5+ Rg7 44. Rxg7+ Bxg7 45. Qxf5 Bf8
46. Kg2 Qc1 47. Bd3 Qh6 48. a4 Qg7 49. Qe6+ Kh8 50. Kf1 Qh6 51. Qf7 Qg7 52. Qf5
Qh6 53. h4 Qg7 54. Ke2 Kg8 55. Qe6+ Kh8 56. g4 h6 57. Bf5 Qe7 58. Kd3 Qxh4 59.
Qf7 Qe7 1/2-1/2

[Event "Solingen 4- Godesberg 2l"]
[Site "?"]
[Date "2022.10.02"]
[Round "2.7"]
[White "Eisentraut, Dieter"]
[Black "Kushchan, Eduard"]
[Result "0-1"]
[WhiteElo "1899"]
[BlackElo "2009"]
[PlyCount "72"]
[SourceVersionDate "2023.06.22"]

1. Nc3 Nf6 2. e4 d6 3. d4 g6 4. Bf4 Bg7 5. Qd2 c6 6. O-O-O b5 7. f3 b4 8. Nce2
Qa5 9. Kb1 Be6 10. Nc1 O-O 11. Nb3 Qb6 12. e5 Nd5 13. exd6 Nxf4 14. Qxf4 exd6
15. Qxd6 a5 16. Qc5 Qc7 17. d5 Qe5 18. Qd4 Qxd5 19. Qxd5 Bxd5 20. Nh3 Bh6 21.
Nd4 Nd7 22. Nb5 Rac8 23. Nd6 Rcd8 24. Bc4 Nb6 25. Bxd5 Nxd5 26. Ne4 Bg7 27. Rd3
a4 28. Rhd1 a3 29. c4 bxc3 30. bxc3 f5 31. Kc2 Rb8 32. R1d2 fxe4 33. fxe4 Rb2+
34. Kc1 Rf1+ 35. Rd1 Bh6+ 36. R3d2 Bxd2# 0-1

[Event "Solingen 4- Godesberg 2l"]
[Site "?"]
[Date "2022.10.02"]
[Round "2.8"]
[White "Bashylin, Seva"]
[Black "Lobkin, Bohdan"]
[Result "0-1"]
[WhiteElo "1720"]
[BlackElo "1778"]
[PlyCount "62"]
[SourceVersionDate "2023.06.22"]

1. d4 Nf6 2. Nf3 g6 3. Bf4 Bg7 4. e3 O-O 5. Be2 d6 6. h3 Nbd7 7. O-O b6 8. c4
Bb7 9. Nc3 Re8 10. Bh2 a6 11. Rc1 e5 12. dxe5 dxe5 13. b4 a5 14. b5 Ne4 15.
Nxe4 Bxe4 16. Nd2 Bb7 17. Qc2 Nc5 18. Bf3 Bxf3 19. Nxf3 Qe7 20. Rfd1 Rad8 21.
Rd5 e4 22. Nd4 Rxd5 23. Nc6 Rd3 24. Nxe7+ Rxe7 25. Rd1 Red7 26. Rxd3 exd3 27.
Qd1 d2 28. Bxc7 Na4 29. Bxb6 Nc3 30. c5 Nxd1 31. c6 Nc3 0-1

[Event "Plettenberg- Brühl"]
[Site "?"]
[Date "2022.10.02"]
[Round "2.1"]
[White "Loifenfeld, Jakov"]
[Black "Schulze, Marc"]
[Result "1-0"]
[WhiteElo "2392"]
[BlackElo "2200"]
[PlyCount "57"]
[SourceVersionDate "2023.06.22"]

1. d4 Nf6 2. c4 c5 3. d5 b5 4. cxb5 a6 5. bxa6 g6 6. Nc3 Bg7 7. e4 d6 8. Bb5+
Nfd7 9. h4 Bxa6 10. Bxa6 Nxa6 11. h5 Nb4 12. Nf3 c4 13. Kf1 Nd3 14. Qe2 Qb6 15.
Nd1 N7c5 16. Be3 Nxb2 17. h6 Bf6 18. Bxc5 dxc5 19. e5 Nd3 20. exf6 Qxf6 21. Rb1
O-O 22. Rh4 Nb4 23. Rxc4 Rxa2 24. Qe5 Qxe5 25. Nxe5 Nxd5 26. Rxc5 Nf6 27. Rc7
Ne4 28. Kg1 Nd6 29. Ne3 1-0

[Event "Plettenberg- Brühl"]
[Site "?"]
[Date "2022.10.02"]
[Round "2.3"]
[White "Spilles, Matthias"]
[Black "Hermaneck, Helmut"]
[Result "1-0"]
[WhiteElo "2085"]
[BlackElo "2137"]
[PlyCount "149"]
[SourceVersionDate "2023.06.22"]

1. e4 c5 2. Nf3 Nc6 3. d4 cxd4 4. Nxd4 d6 5. Nc3 Nf6 6. Be3 g6 7. Be2 Bg7 8.
O-O O-O 9. h3 a6 10. f4 Bd7 11. Qd2 Rc8 12. Rad1 b5 13. Bf3 Na5 14. Qf2 Nc4 15.
Bc1 Qc7 16. g4 e5 17. Nde2 b4 18. Nb1 Bb5 19. g5 Nd7 20. f5 f6 21. b3 Ncb6 22.
c4 bxc3 23. Nbxc3 Nc5 24. Nxb5 axb5 25. Nc3 Qc6 26. h4 b4 27. Nd5 Nxd5 28. exd5
Qe8 29. fxg6 hxg6 30. gxf6 Bxf6 31. Qg3 Rc7 32. Rd2 Rh7 33. h5 e4 34. hxg6 Rg7
35. Bh5 Be5 36. Rxf8+ Qxf8 37. Qg4 Rc7 38. Rd1 Qf6 39. Rf1 Bd4+ 40. Kg2 Qe5 41.
Bh6 Nd7 42. Kh1 Qxd5 43. Qf5 Qxf5 44. Rxf5 e3 45. Ra5 Rc8 46. Bg4 e2 47. Bxe2
Bg7 48. Bxg7 Kxg7 49. Ra7 Rc1+ 50. Kg2 Rc2 51. Rxd7+ Kxg6 52. Rxd6+ Kf5 53. Kf3
Rxa2 54. Rb6 Ra3 55. Rb5+ Ke6 56. Bc4+ Kd6 57. Ke4 Ra1 58. Rxb4 Kc6 59. Kd4
Rd1+ 60. Bd3 Rd2 61. Kc4 Rh2 62. Be4+ Kc7 63. Kc5 Rh5+ 64. Bd5 Rg5 65. Rb7+ Kc8
66. Rh7 Rg1 67. b4 Rc1+ 68. Kd6 Kb8 69. b5 Rb1 70. Kc6 Rc1+ 71. Kb6 Kc8 72.
Bb7+ Kd8 73. Ka7 Ra1+ 74. Ba6 Rb1 75. b6 1-0

[Event "Plettenberg- Brühl"]
[Site "?"]
[Date "2022.10.02"]
[Round "2.4"]
[White "Kraemer, Roland"]
[Black "Schaefer, Juergen"]
[Result "0-1"]
[WhiteElo "2059"]
[BlackElo "2134"]
[PlyCount "142"]
[SourceVersionDate "2023.06.22"]

1. Nf3 g6 2. g3 Bg7 3. Bg2 e5 4. d3 d6 5. O-O Nc6 6. c4 Nge7 7. Nc3 O-O 8. Bd2
h6 9. Rb1 g5 10. Nd5 Ng6 11. b4 f5 12. b5 Nce7 13. Nxe7+ Qxe7 14. Bb4 a5 15.
bxa6 Rxa6 16. Qc2 b6 17. Nd2 g4 18. e3 Be6 19. f3 gxf3 20. Nxf3 h5 21. Be1 Bh6
22. Qe2 Kh7 23. c5 Rxa2 24. cxd6 Qxd6 25. Bd2 Qc5 26. Kh1 e4 27. Nd4 Rxd2 28.
Qxd2 Qxd4 29. exd4 Bxd2 30. dxe4 fxe4 31. Bxe4 Rxf1+ 32. Rxf1 Kg7 33. Kg2 Bb4
34. Rb1 Bd6 35. Rb5 Kh6 36. Bf3 Bg4 37. Be4 Bd7 38. Rb1 Ne7 39. Rf1 Bc6 40. Kf3
b5 41. Bxc6 Nxc6 42. Ke4 Ne7 43. Rf3 Kg5 44. h3 b4 45. d5 Ng6 46. Rf5+ Kh6 47.
g4 h4 48. Kd4 Bg3 49. Kc4 Nf4 50. Kxb4 Nxh3 51. Kc4 Ng5 52. Rf6+ Kg7 53. Rf5
Kg6 54. Rf1 Ne4 55. Rf8 Nf6 56. Kd3 Nxd5 57. Rg8+ Kh7 58. Rg5 Nf6 59. Ke2 Kh6
60. Rc5 Nxg4 61. Rc4 Nf6 62. Rc6 Kg6 63. Kf1 Kf7 64. Kg2 Ne8 65. Rc3 Ke7 66.
Re3+ Kd7 67. Rd3+ Nd6 68. Ra3 c5 69. Ra7+ Ke6 70. Rh7 c4 71. Rc7 Kd5 0-1

[Event "Plettenberg- Brühl"]
[Site "?"]
[Date "2022.10.02"]
[Round "2.5"]
[White "Engel, Johann"]
[Black "Maniocha, Marek"]
[Result "1/2-1/2"]
[WhiteElo "2138"]
[BlackElo "1943"]
[PlyCount "128"]
[SourceVersionDate "2023.06.22"]

1. d4 Nf6 2. c4 e6 3. Nc3 Bb4 4. Bd2 O-O 5. Nf3 d5 6. e3 Nc6 7. Rc1 Re8 8. a3
Bf8 9. Be2 Ne4 10. O-O Nxd2 11. Nxd2 Ne7 12. Bf3 c6 13. e4 dxe4 14. Ndxe4 Nf5
15. d5 c5 16. g3 Rb8 17. Bg2 b6 18. Qa4 a6 19. Rcd1 Nd4 20. dxe6 Bxe6 21. Nd2
Qc8 22. Rde1 b5 23. cxb5 axb5 24. Qd1 Rd8 25. Qc1 b4 26. Ne2 bxa3 27. bxa3 Qa6
28. Nf4 Nb3 29. Nxb3 Bxb3 30. Re5 Bd6 31. Rf5 Bxf4 32. Rxf4 c4 33. Rf5 Rb5 34.
Qg5 Rdb8 35. Bd5 c3 36. Rxf7 Qg6 37. Qxg6 hxg6 38. Bxb3 Rxb3 39. Rc7 Rxa3 40.
Rc1 Rbb3 41. Kf1 Kh7 42. Rc2 Kh6 43. Rc5 g5 44. Rc6+ Kh5 45. h3 g6 46. Rc5 Kh6
47. Rc7 Ra1+ 48. Kg2 Raa3 49. Kh2 Rb1 50. R2xc3 Rxc3 51. Rxc3 Rb2 52. Kg2 Ra2
53. Rc7 Ra3 54. Re7 Rb3 55. Re3 Rb6 56. Kf3 Rf6+ 57. Ke2 Ra6 58. Kd3 Ra2 59.
Re2 Ra1 60. Ke4 Rh1 61. Kf3 Rxh3 62. Kg2 Rh5 63. Re7 g4 64. Re4 Kg5 1/2-1/2

[Event "Plettenberg- Brühl"]
[Site "?"]
[Date "2022.10.02"]
[Round "2.6"]
[White "Nhan, Jinhon"]
[Black "Haskelman, Evgen"]
[Result "0-1"]
[WhiteElo "1518"]
[BlackElo "2136"]
[PlyCount "44"]
[SourceVersionDate "2023.06.22"]

1. d4 f5 2. Nf3 Nf6 3. c4 e6 4. Nc3 Bb4 5. g3 b6 6. Bg2 Bb7 7. O-O O-O 8. a3
Bxc3 9. bxc3 d6 10. Qb3 Qe7 11. a4 Nc6 12. Ba3 Na5 13. Qa2 c5 14. Rfd1 Ne4 15.
Rac1 Qe8 16. Bb2 Rc8 17. e3 Ba6 18. Bf1 Qh5 19. Ne1 Kh8 20. Ba1 Rc7 21. Rc2
Qxd1 22. Ng2 Bxc4 0-1

[Event "Bergische SF- Ennepe- Ruhr"]
[Site "?"]
[Date "2022.10.02"]
[Round "2.1"]
[White "Arndt, Stefan"]
[Black "Harringer, Manfred"]
[Result "1-0"]
[WhiteElo "2176"]
[BlackElo "2035"]
[PlyCount "83"]
[SourceVersionDate "2023.06.22"]

1. d4 Nf6 2. Nf3 e6 3. c4 d5 4. e3 c5 5. cxd5 Nxd5 6. e4 Nf6 7. Nc3 cxd4 8.
Nxd4 a6 9. Be3 Be7 10. Be2 b5 11. e5 Nd5 12. Nxd5 exd5 13. O-O O-O 14. Rc1 Re8
15. Bd3 g6 16. Qc2 Bf8 17. f4 Nd7 18. e6 Nf6 19. exf7+ Kxf7 20. Nc6 Qd6 21.
Ne5+ Kg8 22. Bxg6 Rxe5 23. fxe5 Qxe5 24. Qf2 hxg6 25. Bd4 Qxh2+ 26. Kxh2 Ng4+
27. Kg1 Nxf2 28. Rxf2 Bf5 29. Rc6 Re8 30. g4 Bd3 31. Rh2 Re1+ 32. Kf2 Re2+ 33.
Kg3 Rxh2 34. Kxh2 a5 35. Kg3 a4 36. a3 Kf7 37. Kf4 Ke8 38. Rc8+ Kf7 39. Ke5 Be4
40. Rc7+ Ke8 41. Ke6 Kd8 42. Bb6 1-0

[Event "Bergische SF- Ennepe- Ruhr"]
[Site "?"]
[Date "2022.10.02"]
[Round "2.2"]
[White "Bosbach, Stefan"]
[Black "Tripolsky, Eugen"]
[Result "1/2-1/2"]
[WhiteElo "2091"]
[BlackElo "2275"]
[PlyCount "74"]
[SourceVersionDate "2023.06.22"]

1. d4 Nf6 2. c4 g6 3. Nc3 Bg7 4. e4 O-O 5. Be2 d6 6. Be3 Na6 7. Qd2 c5 8. f3
cxd4 9. Bxd4 Qa5 10. Rd1 Re8 11. a3 Be6 12. Nd5 Qxd2+ 13. Rxd2 Bxd5 14. cxd5
Nc5 15. Bd1 Bh6 16. Rc2 Nd3+ 17. Kf1 Rec8 18. Ne2 Nd7 19. h4 N7e5 20. h5 Bg7
21. hxg6 hxg6 22. Rh3 Nc4 23. f4 Ndxb2 24. Ke1 Bxd4 25. Nxd4 Nxd1 26. Kxd1 Nb6
27. Rd2 Kg7 28. f5 Rh8 29. Rg3 Rh1+ 30. Ke2 Rc8 31. fxg6 fxg6 32. Ne6+ Kh7 33.
Rf3 Kg8 34. Rg3 Kh7 35. Rf3 Kg8 36. Rg3 Kh7 37. Rf3 Kg8 1/2-1/2

[Event "Bergische SF- Ennepe- Ruhr"]
[Site "?"]
[Date "2022.10.02"]
[Round "2.3"]
[White "Heller, Achim"]
[Black "Gelsok, Philipp"]
[Result "1/2-1/2"]
[WhiteElo "2025"]
[BlackElo "1921"]
[PlyCount "65"]
[SourceVersionDate "2023.06.22"]

1. d4 d5 2. c4 c6 3. cxd5 cxd5 4. Nc3 Nc6 5. Bf4 Nf6 6. e3 e6 7. Bd3 Bd6 8.
Bxd6 Qxd6 9. f4 Bd7 10. Nf3 O-O 11. O-O Rac8 12. Rc1 a6 13. Ne5 Ne8 14. Qh5 f5
15. Qh4 Nf6 16. g4 Ne7 17. g5 Ne4 18. Qe1 Nc6 19. Nf3 Be8 20. Qh4 Qb4 21. Rc2
Bg6 22. Rfc1 Nxc3 23. bxc3 Qa3 24. Be2 b5 25. Nd2 Na5 26. Qg3 Rc7 27. Nb1 Qd6
28. Nd2 Rfc8 29. Qe1 Qa3 30. Nb1 Qd6 31. Nd2 Qa3 32. Nb1 Qd6 33. Nd2 1/2-1/2

[Event "Bergische SF- Ennepe- Ruhr"]
[Site "?"]
[Date "2022.10.02"]
[Round "2.4"]
[White "Weiser, Hans- Josef"]
[Black "Arakelian, Aik"]
[Result "1/2-1/2"]
[WhiteElo "2006"]
[BlackElo "2023"]
[PlyCount "87"]
[SourceVersionDate "2023.06.22"]

1. d4 Nf6 2. Nf3 c5 3. e3 e6 4. Bd3 Nc6 5. b3 d5 6. Nbd2 Bd6 7. Bb2 cxd4 8.
exd4 Qc7 9. a3 O-O 10. O-O e5 11. dxe5 Nxe5 12. Nxe5 Bxe5 13. Bxe5 Qxe5 14. Re1
Qc7 15. Qe2 Bg4 16. Qe5 Qb6 17. Qe3 Qc7 18. Qd4 Rfe8 19. Nf1 a6 20. Ne3 Be6 21.
f3 Rad8 22. Rad1 h6 23. a4 Qa5 24. Re2 Rc8 25. Rde1 Kf8 26. Kf2 Qc7 27. g3 Qa5
28. Nf5 Bxf5 29. Bxf5 Rcd8 30. Bd3 Rc8 31. Re5 Rxe5 32. Qxe5 Qc5+ 33. Qe3 Qb4
34. Re2 Re8 35. Qd2 Qd4+ 36. Kg2 Rxe2+ 37. Qxe2 Nd7 38. Qf2 Qc3 39. Qa7 Qb4 40.
Bf5 Ke7 41. Qe3+ Kd8 42. Qd3 Qd6 43. Qc3 g6 44. Bxd7 1/2-1/2

[Event "Bergische SF- Ennepe- Ruhr"]
[Site "?"]
[Date "2022.10.02"]
[Round "2.5"]
[White "Hess, Olena"]
[Black "Thelen, Harm- Wulf"]
[Result "1/2-1/2"]
[WhiteElo "2062"]
[BlackElo "2074"]
[PlyCount "43"]
[SourceVersionDate "2023.06.22"]

1. Nf3 Nf6 2. c4 g6 3. Nc3 Bg7 4. e4 d6 5. d4 Nbd7 6. Be2 e5 7. O-O O-O 8. Re1
c6 9. Bf1 a5 10. Rb1 exd4 11. Nxd4 Nc5 12. f3 Nfd7 13. Be3 Ne5 14. Qd2 Qc7 15.
Red1 Rd8 16. Qf2 Qe7 17. b3 f5 18. exf5 gxf5 19. Qd2 Bf6 20. Kh1 Kh8 21. Re1
Qg7 22. Rbd1 1/2-1/2

[Event "Bergische SF- Ennepe- Ruhr"]
[Site "?"]
[Date "2022.10.02"]
[Round "2.6"]
[White "Eilers, Jochen"]
[Black "Nasoyan, Maksim"]
[Result "0-1"]
[WhiteElo "1952"]
[BlackElo "1861"]
[PlyCount "50"]
[SourceVersionDate "2023.06.22"]

1. e4 c5 2. Nc3 a6 3. g3 e6 4. Bg2 Nc6 5. a4 Nf6 6. d3 d5 7. exd5 Nxd5 8. Nge2
Be7 9. O-O O-O 10. Nxd5 exd5 11. Nf4 d4 12. Re1 Bg5 13. Qh5 Nb4 14. Nd5 Bxc1
15. Ne7+ Kh8 16. Raxc1 Qc7 17. Be4 h6 18. Ng6+ fxg6 19. Qxg6 Kg8 20. c3 dxc3
21. bxc3 Nc6 22. Qh7+ Kf7 23. Bd5+ Kf6 24. Re4 Bf5 25. Rf4 Qxf4 0-1

[Event "Bergische SF- Ennepe- Ruhr"]
[Site "?"]
[Date "2022.10.02"]
[Round "2.7"]
[White "Liesendahl, Felix"]
[Black "Gutt, Oswald"]
[Result "0-1"]
[WhiteElo "1775"]
[BlackElo "1912"]
[Annotator "daniel"]
[PlyCount "106"]
[SourceVersionDate "2023.06.22"]

1. e4 d6 2. d4 Nf6 3. Nc3 g6 4. Be3 c6 5. Qd2 Bg7 6. Bh6 Bxh6 7. Qxh6 Qa5 8. f3
b5 9. Qd2 b4 10. Nd1 Qb6 11. Ne3 Nbd7 12. Nc4 Qb8 13. O-O-O d5 14. e5 dxc4 15.
exf6 Nxf6 16. Bxc4 Nd5 17. Ne2 a5 18. Bxd5 cxd5 19. Qg5 Qd6 20. Qe5 Qxe5 21.
dxe5 e6 $11 22. Nd4 Bd7 23. Rd3 Ke7 24. h4 h6 25. h5 g5 26. g3 Rac8 27. Rf1 f6
28. exf6+ Kxf6 29. Rf2 a4 30. f4 g4 31. Re2 Rc4 32. Kd2 Rhc8 33. b3 axb3 34.
axb3 Rc3 35. Rde3 Rxe3 36. Rxe3 Ra8 37. Re1 Ra6 38. Rh1 e5 39. fxe5+ Kxe5 40.
Ke3 Rf6 41. Ne2 Rf3+ 42. Kd2 Bb5 43. Re1 Rf2 44. Ke3 Rxe2+ 45. Rxe2 Bxe2 46.
Kxe2 Ke4 47. Kd2 Kd4 48. c3+ bxc3+ 49. Kc2 Ke3 50. b4 d4 51. b5 d3+ 52. Kxc3 d2
53. b6 d1=Q 0-1

[Event "Bergneustadt- Halver- Schalksmühle"]
[Site "?"]
[Date "2022.10.02"]
[Round "2.1"]
[White "Jansen, Dirk"]
[Black "Stuemer, Paul"]
[Result "1-0"]
[WhiteElo "2125"]
[BlackElo "2001"]
[PlyCount "61"]
[SourceVersionDate "2023.06.22"]

1. e4 c5 2. Nf3 Nc6 3. d4 cxd4 4. Nxd4 g6 5. c4 Bh6 6. Nc3 d6 7. Be2 Bxc1 8.
Rxc1 Nf6 9. Qd2 Qb6 10. Nxc6 bxc6 11. O-O O-O 12. c5 Qb8 13. cxd6 exd6 14. Rfd1
Ne8 15. Na4 Be6 16. b3 c5 17. e5 d5 18. f4 c4 19. bxc4 dxc4 20. Bf3 Ng7 21.
Bxa8 Qxa8 22. Nc5 Bg4 23. Re1 Rd8 24. Qf2 Qd5 25. Ne4 Ne8 26. Qxa7 Bf5 27. Qe3
Qd4 28. Qxd4 Rxd4 29. Nd6 Nxd6 30. exd6 Bd3 31. Red1 1-0